10 Most Populous Cities in Iowa - Statistics

General Stats
  • This quiz has been taken 23 times
  • The average score is 7 of 10
Answer Stats
Population City % Correct
209,232 Des Moines
100%
135,358 Cedar Rapids
89%
99,921 Davenport
89%
85,710 Sioux City
83%
75,932 Iowa City
78%
65,419 Ames
72%
66,383 Waterloo
67%
73,300 West Des Moines
61%
62,268 Council Bluffs
56%
76,435 Ankeny
50%
No matching quizzes found
Score Distribution
Percent of People with Each Score
Percentile by Number Answered
Your Score History
You have not taken this quiz